000 00852nam a22002777a 4500
001 BR7908401
003 BR-BrBNA
005 20230928090353.0
007 ta
008 230509b bl.||||| |||| 00| 0 por d
040 _aBR-BrBNA
_bpor
_cBiblioteca Nacional de Agricultura
041 _a(Por)
072 _aE70; E10
_b/G514
090 _ E70 BR7908401
100 1 _aLopes, A.G.
110 1 _aSecretaria da Agricultura do Maranhao, Sao Luis (Brasil)
_98255
245 1 _aContribuicao ao estudo do futuro eixo comercial Carajas - Itaqui [Maranhao, Brasil]
_bVersao preliminar
260 3 _aSao Luis, MA (Brasil):
_c1979.
300 _a19 p.
500 _a4 Maps, scale 1:5.000.000; 5 tables
650 _aDESENVOLVIMENTO ECONOMICO
650 _aCOMERCIALIZACAO
650 _aMARANHAO
909 _a202309
_bLucia
_c55
_dLucia Elande
942 _cBK
999 _c28599
_d28599